| 000 | 00524nam a2200181Ia 4500 | ||
|---|---|---|---|
| 003 | IN-BaIIA | ||
| 008 | 211028s9999 xx 000 0 eng d | ||
| 040 | _cIIA Library | ||
| 080 |
_a621.396.64 _bGRE |
||
| 100 |
_aGreenlees, A. E. _910667 |
||
| 245 | 4 |
_aThe Amplification and Distribution of Sound _cA. E. Greenlees |
|
| 250 | _a2nd ed. | ||
| 260 |
_aLondon _bChapman and Hall _c1948 |
||
| 300 | _ax, 302p. | ||
| 650 | _aNASA Thesaurus | ||
| 650 |
_aSound _94863 |
||
| 942 | _cBK | ||
| 999 |
_c6190 _d6190 |
||